Southville International School and Colleges
Your cart is empty.
  • Cart
  • Lists
    Public lists Eva Luna New books Lux_list list_1
    Your lists Log in to create your own lists
  • Log in to your account
  • Your cookies
  • Search history
Southville International School and Colleges
  • Advanced search
  • Recent comments
  • Most popular
  • Libraries

Log in to your account

Log in with GOOGLE


If you do not have an external account, but do have a local account, you can still log in:

  1. Home
  2. MARC view: Understanding the economy :
Normal view MARC view ISBD view

Understanding the economy : (Record no. 8940)

[ view plain ]
MARC details
000 -LEADER
fixed length control field 00887cam a22003131i 4500
001 - CONTROL NUMBER
control field 2516189
003 - CONTROL NUMBER IDENTIFIER
control field SISC
005 - DATE AND TIME OF LATEST TRANSACTION
control field 20160406123915.0
008 - FIXED-LENGTH DATA ELEMENTS--GENERAL INFORMATION
fixed length control field 760127s1976 nyu 001 0 eng
010 ## - LIBRARY OF CONGRESS CONTROL NUMBER
LC control number 76002465 //r85
020 ## - INTERNATIONAL STANDARD BOOK NUMBER
International Standard Book Number 0396073093
035 ## - SYSTEM CONTROL NUMBER
System control number (OCoLC)2020669
035 ## - SYSTEM CONTROL NUMBER
System control number (OCoLC)ocm02020669
035 ## - SYSTEM CONTROL NUMBER
System control number (NNC)2516189
043 ## - GEOGRAPHIC AREA CODE
Geographic area code n-us---
050 0# - LIBRARY OF CONGRESS CALL NUMBER
Classification number HC 106.6
Item number .M34 1976
082 ## - DEWEY DECIMAL CLASSIFICATION NUMBER
Classification number HS 330
Item number Ma29 1976
090 ## - LOCALLY ASSIGNED LC-TYPE CALL NUMBER (OCLC); LOCAL CALL NUMBER (OCLC)
Classification number (OCLC) (R) ; Classification number, CALL (RLIN) (NR) HC106.6
Local cutter number (OCLC) ; Book number/undivided call number, CALL (RLIN) .M338
100 1# - MAIN ENTRY--PERSONAL NAME
Personal name Malabre, Alfred L.
9 (RLIN) 11901
245 10 - TITLE STATEMENT
Title Understanding the economy :
Remainder of title for people who can't stand economics /
Statement of responsibility, etc Alfred L. Malabre, Jr.
260 ## - PUBLICATION, DISTRIBUTION, ETC. (IMPRINT)
Place of publication, distribution, etc New York :
Name of publisher, distributor, etc Dodd, Mead,
Date of publication, distribution, etc c1976.
300 ## - PHYSICAL DESCRIPTION
Extent 184 p. :
Dimensions 18 cm.
500 ## - GENERAL NOTE
General note Includes index.
650 #0 - SUBJECT ADDED ENTRY--TOPICAL TERM
Topical term or geographic name as entry element Economics.
9 (RLIN) 7586
651 #0 - SUBJECT ADDED ENTRY--GEOGRAPHIC NAME
Geographic name United States
General subdivision Economic conditions
Chronological subdivision 1971-1981.
9 (RLIN) 11902
942 ## - ADDED ENTRY ELEMENTS (KOHA)
Source of classification or shelving scheme Library of Congress Classification
Koha item type Books
Holdings
Withdrawn status Lost status Source of classification or shelving scheme Damaged status Home library Current library Shelving location Date acquired Total Checkouts Full call number Barcode Date last seen Copy number Price effective from Koha item type
    Library of Congress Classification   Luxembourg Library Luxembourg Library High School Section 08/22/2013   HC 106.6 .M34 1977 7142 04/06/2016 1 08/22/2013 Books

Understanding the economy :

APA

Malabre A. L., . (1976). Understanding the economy. New York: Dodd, Mead.

Chicago

Malabre Alfred L, . 1976. Understanding the economy. New York: Dodd, Mead.

Harvard

Malabre A. L., . (1976). Understanding the economy. New York: Dodd, Mead.

MLA

Malabre Alfred L, . Understanding the economy. New York: Dodd, Mead. 1976.

  • Place hold
  • Print
  • Cite
  • Add to your cart (remove)
  • Save record
    BIBTEX Dublin Core MARCXML MARC (non-Unicode/MARC-8) MARC (Unicode/UTF-8) MARC (Unicode/UTF-8, Standard) MODS (XML) RIS
  • More searches
    Search for this title in:
    Other Libraries (WorldCat) Other Databases (Google Scholar) Online Stores (Bookfinder.com) Open Library (openlibrary.org)

Exporting to Dublin Core...

SOUTHVILLE LIBRARY

Southville International School and Colleges Library

1281 Tropical Ave. Cor. Luxembourg St., BF Homes International, Las Pinas City

Tel. No. 8256374 / 252358 Loc. 117/146

Powered by Koha